Statistics for Spanish

Click here to take the quiz!

General Stats

  • This quiz has been taken 6 times
  • The average score is 4 of 10

Answer Stats

HintAnswer% Correct
BeachPlaya
100%
TonightEsta noche
50%
Last weekLa semana pasada
50%
CampsiteCamping
33%
The fairLa feria
33%
AnkleTobillo
33%
ShoppingDe compras
17%
Next weekLa semana que viene
17%
Theme parkparque de atracciones
17%
We are going to the parkVamos also parque
0%

Score Distribution

Percentile by Number Answered

Percent of People with Each Score

Your Score History

You have not taken this quiz